skbl

Dr Suryya Kumar Bhuyan Library Web-OPAC
ডঃ সূৰ্য্য
কুমাৰ ভূঞা পুথিভঁৰাল ৱেব-অ'পেক

All Research Scholars are advised to clear the annual library fees to continue using Library Resources, Remote Access, Plagiarism Test and Library Clearance.

Cotton University Book Fair 2026

Jamidarkalin Gowalpara Jilar Artha Samajik Awastha (Record no. 57658)

MARC details
000 -LEADER
fixed length control field 00524nam a2200193Ia 4500
001 - CONTROL NUMBER
control field 57754
008 - FIXED-LENGTH DATA ELEMENTS--GENERAL INFORMATION
fixed length control field 140624n ii |||gr||||Z||||||465
020 ## - INTERNATIONAL STANDARD BOOK NUMBER
International Standard Book Number 9789381139134
082 ## - DEWEY DECIMAL CLASSIFICATION NUMBER
Classification number 954.162
245 #0 - TITLE STATEMENT
Title Jamidarkalin Gowalpara Jilar Artha Samajik Awastha
Statement of responsibility, etc. Amalundu Guha
Medium Textual Documents
250 ## - EDITION STATEMENT
Edition statement Ist--1984.
260 ## - PUBLICATION, DISTRIBUTION, ETC.
Place of publication, distribution, etc. Gauhati
Name of publisher, distributor, etc. Bhabani offset PvT Ltd
300 ## - PHYSICAL DESCRIPTION
Extent 107pg:
Dimensions 23cm.
653 ## - INDEX TERM--UNCONTROLLED
Uncontrolled term History
653 ## - INDEX TERM--UNCONTROLLED
Uncontrolled term History Literature
653 ## - INDEX TERM--UNCONTROLLED
Uncontrolled term G-History
700 ## - ADDED ENTRY--PERSONAL NAME
Personal name Guha,Amalundu.
942 ## - ADDED ENTRY ELEMENTS (KOHA)
Source of classification or shelving scheme Dewey Decimal Classification
Koha item type Books
Holdings
Withdrawn status Lost status Damaged status Not for loan Collection Home library Current library Shelving location Date acquired Coded location qualifier Cost, normal purchase price Total checkouts Full call number Barcode Date last seen Copy number Price effective from Koha item type
          Dr. Suryya Kumar Bhuyan Library Dr. Suryya Kumar Bhuyan Library   24/06/2014 00000 100.00   954.162 Gu 939 Ja 2961/el 14/01/2024 1 24/06/2014 Books

Designed and Maintained by Team SKBL
©1901-2026

Powered by Koha